LEADER 01267nam0 22002771i 450 001 UON00308756 005 20231205104045.541 100 $a20080228d1931 |0itac50 ba 101 $aeng 102 $aGB 105 $a|||| 1|||| 200 1 $aˆThe ‰complete works of William Hazlitt. 2.: A new and improved grammar of the English tongue and lectures on English philosophy$fedited by P.P. Howe after the edition of A.R. Waller and Arnold Glover 210 $aLondon$aToronto$cJ.M. Dent and Sons$d1931 215 $a293 p.$cill.$d23 cm. 620 $aCA$dToronto$3UONL000778 620 $aGB$dLondon$3UONL003044 676 $a820$cLetteratura inglese e antico inglese$v21 700 1$aHAZLITT$bWilliam$3UONV025748$0163960 702 1$aHOWE$bP.P.$3UONV176704 712 $aDent & Sons$3UONV258498$4650 801 $aIT$bSOL$c20240220$gRICA 899 $aSIBA - SISTEMA BIBLIOTECARIO DI ATENEO$2UONSI 912 $aUON00308756 950 $aSIBA - SISTEMA BIBLIOTECARIO DI ATENEO$dSI Angl O.C 6 b $eSI LO 71426 5 b 996 $aComplete works of William Hazlitt. 2.: A new and improved grammar of the English tongue and lectures on English philosophy$91376735 997 $aUNIOR